| 000 | 01141nam a22001937a 4500 | ||
|---|---|---|---|
| 999 |
_c63821 _d63821 |
||
| 003 | Ge_BSU | ||
| 005 | 20260127212953.0 | ||
| 008 | 260127s1970 ge ||||| |||| 00| 0 geo d | ||
| 041 | _ageo | ||
| 080 | _a657.1:35 ა-77 | ||
| 100 |
_aარბოლიშვილი, ტარიელ _926746 |
||
| 245 |
_aბიუჯეტურ დაწესებულებათა ბუხჰალტრული აღრიცხვა - ანგარიშგების სრულყოფისა და გაუმჯობესების გზები / _cტარიელ არბოლიშვილი. |
||
| 264 |
_aთბილისი : _bთბილ. უნ-ტის გამ-ბა, _c1970. |
||
| 300 |
_a305 გვ. : _bცხრილ. და სქემ. ; _c 26 სმ. |
||
| 500 | _aსაგანთა საძიებელი: გვ. 301-304. | ||
| 504 | _aბიბლიოგრაფია: გვ. 295-300. | ||
| 653 | _aსაბუღალტრო აღრიცხვა საბიუჯეტო დაწესებულებებში | ||
| 942 |
_2udc _cᲬᲘᲒᲜᲘ |
||